| 000 | 00512nam a2200193Ia 4500 | ||
|---|---|---|---|
| 003 | OSt | ||
| 005 | 20260417112120.0 | ||
| 008 | 210210b1984 xxu||||| |||| 00| 0 eng d | ||
| 040 | _cAL | ||
| 041 | _aKannada | ||
| 082 | _a301K BHAS | ||
| 100 |
_aBHAIRAPPA (K). _dಭೈರಪ್ಪ (ಕೆ) _9262020 |
||
| 245 |
_aSamajashastra. _bಸಮಾಜಶಾಸ್ತ್ರ. |
||
| 260 |
_aBengaluru _bPrakashan sahitya _c1984 |
||
| 300 | _axi,166 | ||
| 690 |
_aSociology _9262021 |
||
| 906 | _a037305 | ||
| 942 |
_2ddc _cBK |
||
| 999 |
_c87478 _d87478 |
||